Cataloguing manual AACR II (Record no. 39953)

MARC details
000 -LEADER
fixed length control field 00314nam a2200133Ia 4500
082 ## - DEWEY DECIMAL CLASSIFICATION NUMBER
Classification number 025.3
Item number SIN
100 ## - MAIN ENTRY--AUTHOR NAME
Personal name Prasad, H N
245 #0 - TITLE STATEMENT
Title Cataloguing manual AACR II
260 ## - PUBLICATION, DISTRIBUTION, ETC. (IMPRINT)
Place of publication Delhi
Name of publisher B R
Year of publication 1985
650 ## - SUBJECT ADDED ENTRY--TOPICAL TERM
Topical Term Cataloguing
700 ## - ADDED ENTRY--PERSONAL NAME
Personal name Singh, S N
942 ## - ADDED ENTRY ELEMENTS (KOHA)
Koha item type Books
Holdings
Withdrawn status Lost status Damaged status Not for loan Home library Current library Date acquired Cost, normal purchase price Full call number Accession Number Koha item type
        RRII Library RRII Library 16/12/2021 150.00 025.3 SIN 20271 Books